Statistics for Think Fast! #7

Click here to take the quiz!

General Stats

  • This quiz has been taken 4 times
  • The average score is 8 of 10

Answer Stats

QuestionAnswer% Correct
How many days are there in a year?365
100%
A square has how many sides?4
100%
What is the last letter of the alphabet?Z
100%
How many legs does an insect have6
75%
The opposite of subtraction is....Addition
75%
What is the Jetpunk logo?A fish
75%
What is frozen water called?Ice
75%
The sun is a...Star
75%
Who was the second U.S. president?John Adams
50%
The number prefix tri- means...Three
50%

Score Distribution

Percentile by Number Answered

Percent of People with Each Score

Your Score History

You have not taken this quiz